World Capitals to Country Click Quiz - Statistics

General Stats
  • This quiz has been taken 4,951 times
    3,328 since last reset
  • The average score is 122 of 196
Answer Stats
Hint Answer % Correct
Berlin Germany
79%
Buenos Aires Argentina
78%
Brussels Belgium
78%
Brasília Brazil
78%
Beijing China
78%
Havana Cuba
78%
Djibouti Djibouti
78%
Paris France
78%
Athens Greece
78%
Guatemala City Guatemala
78%
New Delhi India
78%
Jerusalem Israel
78%
Rome Italy
78%
Tokyo Japan
78%
Kuwait City Kuwait
78%
Luxembourg Luxembourg
78%
Mexico City Mexico
78%
Panama City Panama
78%
Moscow Russia
78%
Singapore Singapore
78%
Seoul South Korea
78%
Madrid Spain
78%
Kiev Ukraine
78%
Washington D.C. United States
78%
Vatican City Vatican City
78%
Algiers Algeria
77%
Andorra la Vella Andorra
77%
Vienna Austria
77%
Ottawa Canada
77%
Copenhagen Denmark
77%
Cairo Egypt
77%
Helsinki Finland
77%
Reykjavík Iceland
77%
Dublin Ireland
77%
Monaco Monaco
77%
Amsterdam Netherlands
77%
Warsaw Poland
77%
Lisbon Portugal
77%
San Marino San Marino
77%
Stockholm Sweden
77%
Bangkok Thailand
77%
London United Kingdom
77%
Canberra Australia
76%
Prague Czech Republic
76%
Budapest Hungary
76%
Oslo Norway
76%
Pretoria / Cape Town
/ Bloemfontein
South Africa
76%
Bern Switzerland
76%
Tunis Tunisia
76%
San Salvador El Salvador
75%
Wellington New Zealand
75%
Lima Peru
75%
Manila Philippines
75%
São Tomé São Tomé and Príncipe
75%
Santiago Chile
74%
Bogotá Colombia
74%
Jakarta Indonesia
74%
Tehran Iran
74%
Pyongyang North Korea
74%
Abu Dhabi United Arab Emirates
74%
Hanoi Vietnam
74%
Kabul Afghanistan
73%
Minsk Belarus
73%
Sofia Bulgaria
73%
Bissau Guinea-Bissau
73%
Taipei Taiwan
73%
Ankara Turkey
73%
Zagreb Croatia
72%
Nairobi Kenya
72%
Beirut Lebanon
72%
Sri
Jayawardenepura
Kotte
Sri Lanka
72%
Baghdad Iraq
71%
Kuala Lumpur Malaysia
71%
Bucharest Romania
71%
Riyadh Saudi Arabia
71%
Kingston Jamaica
70%
Kathmandu Nepal
70%
Islamabad Pakistan
70%
Damascus Syria
70%
Tirana Albania
69%
Sarajevo Bosnia and
Herzegovina
69%
Tallinn Estonia
69%
Riga Latvia
69%
Ulaanbaatar Mongolia
69%
Caracas Venezuela
69%
La Paz / Sucre Bolivia
68%
Phnom Penh Cambodia
68%
Quito Ecuador
68%
Valletta Malta
68%
Rabat Morocco
68%
Doha Qatar
68%
Belgrade Serbia
68%
Montevideo Uruguay
68%
Nicosia Cyprus
67%
Addis Ababa Ethiopia
67%
Vilnius Lithuania
67%
Bratislava Slovakia
67%
Ljubljana Slovenia
67%
Santo Domingo Dominican Republic
66%
Tbilisi Georgia
66%
Port-au-Prince Haiti
66%
Tripoli Libya
66%
Muscat Oman
65%
Nassau Bahamas
64%
Vaduz Liechtenstein
64%
Chișinău Moldova
64%
Baku Azerbaijan
63%
Dhaka Bangladesh
63%
Amman Jordan
63%
Skopje North Macedonia
62%
Asunción Paraguay
61%
Mogadishu Somalia
61%
Yerevan Armenia
60%
San José Costa Rica
60%
Pristina Kosovo
60%
Antananarivo Madagascar
60%
Dakar Senegal
60%
Kinshasa Democratic Republic
of the Congo
59%
Accra Ghana
59%
Podgorica Montenegro
59%
Sana'a Yemen
59%
Malé Maldives
58%
Vientiane Laos
57%
Windhoek Namibia
57%
Khartoum Sudan
57%
Luanda Angola
56%
Dili East Timor
56%
Tegucigalpa Honduras
56%
Managua Nicaragua
56%
Abuja Nigeria
56%
Thimphu Bhutan
55%
Bandar Seri
Begawan
Brunei
55%
Port Moresby Papua New Guinea
55%
Belmopan Belize
54%
Ouagadougou Burkina Faso
54%
Astana Kazakhstan
54%
Naypyidaw Myanmar
54%
Paramaribo Suriname
53%
Port-of-Spain Trinidad and Tobago
53%
N'Djamena Chad
52%
Victoria Seychelles
52%
Kampala Uganda
52%
Manama Bahrain
51%
Bridgetown Barbados
51%
Suva Fiji
51%
Georgetown Guyana
51%
Bishkek Kyrgyzstan
50%
Monrovia Liberia
50%
Juba South Sudan
50%
Tashkent Uzbekistan
50%
Harare Zimbabwe
50%
Brazzaville Republic of the Congo
49%
Freetown Sierra Leone
49%
Yaoundé Cameroon
48%
Niamey Niger
48%
Kigali Rwanda
48%
Gaborone Botswana
47%
Praia Cape Verde
47%
Ashgabat Turkmenistan
47%
Saint John's Antigua and Barbuda
46%
Dodoma Tanzania
46%
Asmara Eritrea
45%
Yamoussoukro Ivory Coast
45%
Lilongwe Malawi
45%
Lomé Togo
45%
Porto-Novo /
Cotonou
Benin
44%
Roseau Dominica
44%
Conakry Guinea
44%
Bamako Mali
44%
Maputo Mozambique
44%
Nouakchott Mauritania
43%
Port Louis Mauritius
43%
Apia Samoa
43%
Dushanbe Tajikistan
42%
Lusaka Zambia
42%
Moroni Comoros
41%
Libreville Gabon
41%
Gitega Burundi
40%
Mbabane Eswatini
40%
Castries Saint Lucia
40%
Bangui Central African Republic
39%
Port Vila Vanuatu
39%
Maseru Lesotho
37%
Palikir Federated States of
Micronesia
36%
Banjul Gambia
36%
South Tarawa Kiribati
36%
Basseterre Saint Kitts and Nevis
36%
Honiara Solomon Islands
36%
Nukuʻalofa Tonga
36%
Funafuti Tuvalu
36%
Malabo Equatorial Guinea
35%
Saint George's Grenada
35%
Majuro Marshall Islands
34%
Yaren Nauru
34%
Ngerulmud Palau
34%
Kingstown Saint Vincent and the
Grenadines
33%
No matching quizzes found
Score Distribution
Percent of People with Each Score
Percentile by Number Answered
Your Score History
You have not taken this quiz since the last reset